000 00702nam a2200205Ia 4500
003 GCL
008 140319s9999 xx 000 0 ara d
040 _aGCL /
_cGCL
082 0 4 _a301.204
_bح ا
100 1 _aحسين عبدالحميد احمد رشوان
245 1 0 _aالانثروبولوجيا فى المجال النظرى /
_cحسين عبدالحميد احمد رشوان
260 _a[S.N] :
_bالمكتب الجامعى الحديث ،
_c1988
300 _a163 ص
490 _a
650 0 4 _aالاجتماع
650 0 4 _aالانثربولوجيا
650 0 4 _aالتغير الاجتماعى
650 0 4 _aالانثربولوجيا التطبيقية
942 _2ddc
_cBK
999 _c55656
_d55656